Largest cities in Canada by decade - Statistics

General Stats
  • This quiz has been taken 278 times
  • The average score is 13 of 21
Answer Stats
Decade City % Correct
1870- Toronto
99%
1870- Montreal
98%
1900- Vancouver
98%
1910- Calgary
95%
1920- Edmonton
95%
1870-1980 Ottawa
95%
1870-1960 Quebec
92%
1890- Winnipeg
87%
1870-1910 Halifax
81%
1870-1930, 1960-1970 London
73%
1870-1900 Saint John
73%
1870- Hamilton
70%
1940-1950 Windsor
56%
1980- Mississauga
54%
1870-1890 Kingston
44%
2010- Brampton
39%
1970, 1990 Laval
36%
2000 Surrey
28%
1980- North York
10%
1990 Scarborough
10%
1870-1880 Portland
3%
No matching quizzes found
Score Distribution
Percent of People with Each Score
Percentile by Number Answered
Your Score History
You have not taken this quiz